00933cam a22002651 45000010005000000030008000050050017000130080039000300350018000690350020000870400038001070410008001450600021001530820022001742450102001962600037002983000033003356500031003686500036003996500036004357000034004719420012005059990015005179520135005328100BD-RjUL20211208234525.0160114s1963 nyua 000 0 eng a(BD-RjUL)8145 a(OCoLC)14619665 aDLCcDNLMdFMUdDLCdBD-RjULbeng aeng0 aQ 180bL287 196300a006218bLAN 196304aThe Languages of science :ba survey of techniques of communication /cJohn Wolfenden... [et al.] aNew York :bBasic Books,cc1963. axvii, 173 p. :bill. ;21 cm. 0aInformation theory.925261 0aCommunication in science.92560 0aSelf-organizing systems.9252621 aWolfenden, John,cSir.925263 2ddccBK c8100d8100 00102ddc4071aRUCLbRUCLcreadingd1966-06-24eAsia Foundationg0.00l0o006 LAN 1963r2014-01-16 00:00:00tC-1w2014-01-16yBK